[Event "CZE-chT2A 1314"]
[Site "Czech Republic"]
[Date "2014.01.19"]
[Round "6.3"]
[White "Pinc, Miroslav"]
[Black "Valenz, Miroslav"]
[Result "1-0"]
[WhiteElo "2219"]
[BlackElo "2182"]
[PlyCount "73"]
[EventDate "2013.11.03"]
[EventType "team-tourn"]
[EventRounds "11"]
[EventCountry "CZE"]
[SourceTitle "EXT 2015"]
[Source "ChessBase"]
[SourceDate "2014.11.20"]
[SourceVersion "1"]
[SourceVersionDate "2014.11.20"]
[SourceQuality "1"]
[WhiteTeam "Pisek"]
[BlackTeam "Domazlice"]
[WhiteTeamCountry "CZE"]
[BlackTeamCountry "CZE"]

1. d4 Nf6 2. Nf3 g6 3. g3 Bg7 4. Bg2 d6 5. 0-0 0-0 6. c4 Nbd7 7. Nc3 e5 8. h3 Re8 9. e4 exd4 10. Nxd4 Nc5 11. Re1 a5 12. b3 Nfd7 13. Be3 Ne5 14. Qc2 Ned3 15. Red1 Nb4 16. Qe2 Bd7 17. Rac1 Ne6 18. Nxe6 fxe6 19. c5 dxc5 20. Bxc5 b6 21. e5 Rb8 22. Bxb4 axb4 23. Bc6 Bxc6 24. Rxd8 Rbxd8 25. Nb5 Ba8 26. Nxc7 Rc8 27. Qe3 Red8 28. Nxa8 Rxc1+ 29. Qxc1 Rxa8 30. Qc6 Rxa2 31. Qxe6+ Kf8 32. Qc8+ Kf7 33. e6+ Kf6 34. Qd7 Ra1+ 35. Kg2 h5 36. Qf7+ Kg5 37. Qf4# 1-0

[Event "CZE-chT2C 1213"]
[Site "Czech Republic"]
[Date "2013.03.24"]
[Round "11.4"]
[White "Pinc, Miroslav"]
[Black "Vavrinec, Tomas"]
[Result "1/2-1/2"]
[WhiteElo "2239"]
[BlackElo "2045"]
[PlyCount "25"]
[EventDate "2012.10.14"]
[EventType "team-tourn"]
[EventRounds "11"]
[EventCountry "CZE"]
[SourceTitle "EXT 2015"]
[Source "ChessBase"]
[SourceDate "2014.11.20"]
[SourceVersion "1"]
[SourceVersionDate "2014.11.20"]
[SourceQuality "1"]
[WhiteTeam "Pisek"]
[BlackTeam "Ricany"]
[WhiteTeamCountry "CZE"]
[BlackTeamCountry "CZE"]

1. d4 e6 2. Nf3 Nf6 3. Bg5 Be7 4. c4 d5 5. e3 c5 6. dxc5 Nbd7 7. Nc3 Qa5 8. Rc1 dxc4 9. Bxc4 Qxc5 10. Qe2 0-0 11. 0-0 a6 12. Bb3 Qa5 13. Rfd1 1/2-1/2

[Event "CZE-chT2C 1213"]
[Site "Czech Republic"]
[Date "2013.03.03"]
[Round "10.4"]
[White "Hruby, Milan"]
[Black "Pinc, Miroslav"]
[Result "1/2-1/2"]
[WhiteElo "2096"]
[BlackElo "2239"]
[PlyCount "71"]
[EventDate "2012.10.14"]
[EventType "team-tourn"]
[EventRounds "11"]
[EventCountry "CZE"]
[SourceTitle "EXT 2015"]
[Source "ChessBase"]
[SourceDate "2014.11.20"]
[SourceVersion "1"]
[SourceVersionDate "2014.11.20"]
[SourceQuality "1"]
[WhiteTeam "Tabor"]
[BlackTeam "Pisek"]
[WhiteTeamCountry "CZE"]
[BlackTeamCountry "CZE"]

1. e4 c5 2. d4 cxd4 3. c3 d3 4. Bxd3 Nc6 5. c4 Nf6 6. Nf3 g6 7. Nc3 d6 8. h3 Bg7 9. 0-0 0-0 10. Be3 Bd7 11. Rc1 Rc8 12. Qe2 a6 13. Rfd1 Qa5 14. Bb1 Ne5 15. c5 Nxf3+ 16. Qxf3 Qb4 17. cxd6 exd6 18. Bd4 Ne8 19. Nd5 Qxd4 20. Rxd4 Rxc1+ 21. Rd1 Rxd1+ 22. Qxd1 b5 23. Qd2 Kh8 24. Qa5 Nf6 25. Bd3 Nxd5 26. exd5 Rc8 27. Qxa6 Be5 28. Kf1 Rc5 29. Ke2 Kg7 30. Qb7 Bc8 31. Qb6 Bd7 32. Qb7 Bc8 33. Qb8 Bd7 34. Qb7 Bc8 35. Qb8 Bd7 36. Qb7 1/2-1/2

[Event "CZE-chT2C 1213"]
[Site "Czech Republic"]
[Date "2013.01.06"]
[Round "6.4"]
[White "Vincze, Roman"]
[Black "Pinc, Miroslav"]
[Result "1/2-1/2"]
[WhiteElo "2111"]
[BlackElo "2239"]
[PlyCount "85"]
[EventDate "2012.10.14"]
[EventType "team-tourn"]
[EventRounds "11"]
[EventCountry "CZE"]
[SourceTitle "EXT 2015"]
[Source "ChessBase"]
[SourceDate "2014.11.20"]
[SourceVersion "1"]
[SourceVersionDate "2014.11.20"]
[SourceQuality "1"]
[WhiteTeam "Jihlava Gambit"]
[BlackTeam "Pisek"]
[WhiteTeamCountry "CZE"]
[BlackTeamCountry "CZE"]

1. d4 g6 2. Bf4 Nf6 3. e3 Bg7 4. Nf3 d6 5. Be2 0-0 6. c3 c5 7. 0-0 Qb6 8. Qb3 Qxb3 9. axb3 Nc6 10. h3 Nd5 11. Bh2 cxd4 12. Nxd4 Nxd4 13. exd4 Nb6 14. Nd2 Be6 15. Ra3 a6 16. Bf3 Bd5 17. Bxd5 Nxd5 18. Re1 Rfe8 19. Nf3 Rac8 20. Ra5 Nc7 21. Bf4 Ne6 22. Bd2 Nf8 23. b4 Nd7 24. b5 axb5 25. Rxb5 b6 26. Ra1 Ra8 27. Rxa8 Rxa8 28. Kf1 Ra6 29. Ke2 h6 30. h4 Kf8 31. Ne1 e6 32. Nc2 d5 33. Bf4 Ke8 34. Nb4 Ra5 35. Rxa5 bxa5 36. Nd3 a4 37. Bd6 Bf6 38. g3 Nb6 39. Kd1 Nc4 40. Bc5 Be7 41. Kc2 a3 42. bxa3 Bxc5 43. Nxc5 1/2-1/2

[Event "CZE-chT2A 1112"]
[Site "Czech Republic"]
[Date "2011.11.06"]
[Round "2"]
[White "Richtrova, Eliska"]
[Black "Pinc, Miroslav"]
[Result "0-1"]
[WhiteElo "2268"]
[BlackElo "2195"]
[PlyCount "76"]
[EventDate "2011.10.09"]
[EventType "team-tourn"]
[EventRounds "11"]
[EventCountry "CZE"]
[SourceTitle "EXT 2013"]
[Source "ChessBase"]
[SourceDate "2012.11.22"]
[SourceVersion "1"]
[SourceVersionDate "2012.11.22"]
[SourceQuality "1"]
[WhiteTeam "Ceske Budejovice"]
[BlackTeam "Pisek"]
[WhiteTeamCountry "CZE"]
[BlackTeamCountry "CZE"]

1. e4 c5 2. Nc3 Nc6 3. g3 g6 4. Bg2 Bg7 5. d3 d6 6. Bg5 h6 7. Be3 Nf6 8. h3 0-0 9. Nge2 Rb8 10. f4 Bd7 11. Qd2 Kh7 12. 0-0 b5 13. g4 b4 14. Nd1 a5 15. c3 a4 16. Qe1 a3 17. bxa3 bxa3 18. Bc1 Qa5 19. Ne3 Qa6 20. Qd2 Ng8 21. Nc4 Nb4 22. cxb4 Bxa1 23. bxc5 Bb5 24. cxd6 exd6 25. f5 g5 26. Kh1 Bxc4 27. dxc4 Bb2 28. Qd3 Rfc8 29. Be3 Qxc4 30. Qd1 Be5 31. h4 Qxa2 32. hxg5 Qb3 33. g6+ fxg6 34. Qd2 Rc2 35. Qd1 Rb2 36. fxg6+ Kxg6 37. Nf4+ Bxf4 38. Bxf4 Qxd1 0-1

[Event "CZE-chT2A 1011"]
[Site "Czech Republic"]
[Date "2011.02.06"]
[Round "7"]
[White "Pinc, Miroslav"]
[Black "Meszaros, Ludek"]
[Result "1-0"]
[WhiteElo "2197"]
[BlackElo "2235"]
[PlyCount "67"]
[EventDate "2010.10.17"]
[EventType "team-tourn"]
[EventRounds "11"]
[EventCountry "CZE"]
[SourceTitle "EXT 2012"]
[Source "ChessBase"]
[SourceDate "2011.11.24"]
[SourceVersion "1"]
[SourceVersionDate "2011.11.24"]
[SourceQuality "1"]
[WhiteTeam "Pisek Platan"]
[BlackTeam "Tabor"]
[WhiteTeamCountry "CZE"]
[BlackTeamCountry "CZE"]

1. d4 Nf6 2. Nf3 c5 3. d5 b5 4. Bg5 Qb6 5. c3 Bb7 6. Bxf6 gxf6 7. e4 Rg8 8. Nbd2 d6 9. a4 a6 10. Qb3 f5 11. exf5 Bh6 12. axb5 Kf8 13. Nc4 Qxb5 14. Qxb5 axb5 15. Rxa8 Bxa8 16. Nb6 Bb7 17. Bxb5 Rxg2 18. Ke2 Ba6 19. c4 Bxb5 20. cxb5 Ke8 21. Ra1 Kd8 22. h3 Kc7 23. Nc4 Kb7 24. f6 Bf8 25. fxe7 Bxe7 26. Na5+ Kb6 27. Nc6 Nxc6 28. bxc6 Rg8 29. Nd2 Rc8 30. Nc4+ Kb5 31. Kd3 Rc7 32. Ra5+ Kb4 33. Ra8 Kb3 34. Rb8+ 1-0

[Event "CZE-chT2A 1011"]
[Site "Czech Republic"]
[Date "2011.01.09"]
[Round "5"]
[White "Pinc, Miroslav"]
[Black "Svoboda, Vaclav1111"]
[Result "1-0"]
[WhiteElo "2197"]
[BlackElo "2266"]
[PlyCount "83"]
[EventDate "2010.10.17"]
[EventType "team-tourn"]
[EventRounds "11"]
[EventCountry "CZE"]
[SourceTitle "EXT 2012"]
[Source "ChessBase"]
[SourceDate "2011.11.24"]
[SourceVersion "1"]
[SourceVersionDate "2011.11.24"]
[SourceQuality "1"]
[WhiteTeam "Pisek Platan"]
[BlackTeam "Praha Oaza"]
[WhiteTeamCountry "CZE"]
[BlackTeamCountry "CZE"]

1. d4 Nf6 2. Nf3 e6 3. g3 b5 4. Bg2 Bb7 5. 0-0 Be7 6. a4 b4 7. c4 bxc3 8. bxc3 d5 9. Ne5 Nbd7 10. Bf4 Nxe5 11. Bxe5 0-0 12. a5 Rc8 13. a6 Ba8 14. Nd2 c5 15. Qb1 Nd7 16. Bf4 Nb6 17. Rd1 Qd7 18. h4 Bc6 19. Nf3 Ba4 20. Ne5 Qb5 21. Qxb5 Bxb5 22. Rdb1 Bxe2 23. Rb2 Bh5 24. Rxb6 axb6 25. Nd7 Ra8 26. a7 b5 27. dxc5 f6 28. Nxf8 Kxf8 29. c6 Be8 30. c7 Bd7 31. Bf1 Bc5 32. Be3 Bd6 33. Bb6 Ke7 34. Ra5 Bc6 35. Bxb5 Bb7 36. Ra2 Be5 37. Ra3 Bd6 38. Rb3 Rc8 39. Bd3 Kd7 40. Ba5 Kc6 41. Bb5+ Kc5 42. Bd7 1-0

[Event "CZE-chT2A 0809"]
[Site "Czech Republic"]
[Date "2009.01.11"]
[Round "6.2"]
[White "Cesal, Jaroslav"]
[Black "Pinc, Miroslav"]
[Result "1/2-1/2"]
[WhiteElo "2235"]
[BlackElo "2188"]
[PlyCount "52"]
[EventDate "2008.10.12"]
[EventType "team-tourn"]
[EventRounds "11"]
[EventCountry "CZE"]
[SourceTitle "EXT 2010"]
[Source "ChessBase"]
[SourceDate "2010.11.25"]
[SourceVersion "1"]
[SourceVersionDate "2010.11.25"]
[SourceQuality "1"]
[WhiteTeam "Kozolupy"]
[BlackTeam "Pribram Pyrit"]
[WhiteTeamCountry "CZE"]
[BlackTeamCountry "CZE"]

1. Nf3 Nf6 2. c4 g6 3. Nc3 Bg7 4. d4 0-0 5. g3 c6 6. Bg2 d5 7. cxd5 cxd5 8. 0-0 Nc6 9. Ne5 Be6 10. Nxc6 bxc6 11. Bf4 Nd7 12. Rc1 Qb6 13. Na4 Qxd4 14. Rxc6 Nb6 15. Nc5 Bg4 16. Qxd4 Bxd4 17. h3 Bxe2 18. Re1 Bb5 19. Rc7 e6 20. Nb7 Ba6 21. Nd6 Nc4 22. Bf1 Bxb2 23. Nxc4 Bxc4 24. Bxc4 dxc4 25. Rxc4 Rfc8 26. Ra4 Rd8 1/2-1/2

[Event "CZE-chT1W 0809"]
[Site "Czech Republic"]
[Date "2008.11.30"]
[Round "4.6"]
[White "Pinc, Miroslav"]
[Black "Kozak, Milos"]
[Result "1/2-1/2"]
[WhiteElo "2188"]
[BlackElo "2154"]
[PlyCount "117"]
[EventDate "2008.10.19"]
[EventType "team-tourn"]
[EventRounds "11"]
[EventCountry "CZE"]
[SourceTitle "EXT 2010"]
[Source "ChessBase"]
[SourceDate "2010.11.25"]
[SourceVersion "1"]
[SourceVersionDate "2010.11.25"]
[SourceQuality "1"]
[WhiteTeam "Plzen Letna"]
[BlackTeam "Litomerice"]
[WhiteTeamCountry "CZE"]
[BlackTeamCountry "CZE"]

1. d4 d5 2. Nf3 c6 3. g3 Bf5 4. Bg2 e6 5. 0-0 Nf6 6. b3 Be7 7. Bb2 0-0 8. Nbd2 h6 9. Ne5 a5 10. a3 Nbd7 11. c4 Qc7 12. Rc1 Rfd8 13. Ndf3 Nxe5 14. Nxe5 Nd7 15. Nd3 Qb6 16. c5 Qa6 17. Ne1 b6 18. cxb6 Qxb6 19. Nf3 Rdc8 20. Rc3 c5 21. e3 Rab8 22. Qc1 Qb7 23. Ba1 Be4 24. Rd1 Bxf3 25. Bxf3 cxd4 26. exd4 Rxc3 27. Qxc3 Qxb3 28. Kg2 Qxc3 29. Bxc3 a4 30. Ra1 Rb3 31. Ba5 Rd3 32. Be2 Rxa3 33. Rxa3 Bxa3 34. Bb5 Nf6 35. Bxa4 Kf8 36. f3 Ke7 37. Kf2 Nd7 38. Bc7 Bd6 39. Ba5 f6 40. Bb3 Nb8 41. Ba4 Na6 42. Bb5 Nb8 43. Ba4 e5 44. Ke3 Ke6 45. Kd3 Nd7 46. Bd1 exd4 47. Kxd4 Ne5 48. Be1 g5 49. Be2 Nc6+ 50. Kd3 Bc5 51. Bc3 d4 52. Bd2 Ne5+ 53. Kc2 d3+ 54. Bxd3 Nxf3 55. h3 Bf2 56. g4 Ng1 57. Bf1 Ke5 58. Kd3 Bc5 59. Be3 1/2-1/2

[Event "CZE-chT2A 0809"]
[Site "Czech Republic"]
[Date "2008.11.09"]
[Round "2.2"]
[White "Glaser, Jiri"]
[Black "Pinc, Miroslav"]
[Result "1-0"]
[WhiteElo "2133"]
[BlackElo "2188"]
[PlyCount "119"]
[EventDate "2008.10.12"]
[EventType "team-tourn"]
[EventRounds "11"]
[EventCountry "CZE"]
[SourceTitle "EXT 2010"]
[Source "ChessBase"]
[SourceDate "2010.11.25"]
[SourceVersion "1"]
[SourceVersionDate "2010.11.25"]
[SourceQuality "1"]
[WhiteTeam "Ceske Budejovice II"]
[BlackTeam "Pribram Pyrit"]
[WhiteTeamCountry "CZE"]
[BlackTeamCountry "CZE"]

1. d4 Nf6 2. Nf3 d6 3. c4 c6 4. Nc3 Bf5 5. Nh4 Bg4 6. h3 Bh5 7. g4 Bg6 8. Nxg6 hxg6 9. Bg2 e6 10. Qb3 Qb6 11. Qxb6 axb6 12. d5 e5 13. Be3 c5 14. Nb5 Na6 15. 0-0-0 0-0-0 16. Bg5 Nc7 17. Nc3 Be7 18. f4 exf4 19. Bxf4 g5 20. Bg3 Nd7 21. Ne4 Ne8 22. Rhf1 f6 23. b3 Ne5 24. Rh1 Ng6 25. Rhf1 Nh4 26. Bh1 Ng6 27. Bg2 Nh4 28. Bh1 Ng6 29. Bg2 Nh4 30. Bxh4 Rxh4 31. Nf2 Nc7 32. Be4 b5 33. Bf5+ Kb8 34. Rd3 b4 35. Kb2 Rh6 36. Re3 Bf8 37. a3 bxa3+ 38. Kxa3 Na6 39. Nd3 Kc7 40. b4 cxb4+ 41. Nxb4 Nc5 42. Nd3 Ra8+ 43. Kb2 Rh8 44. Ra1 Rxa1 45. Kxa1 Nxd3 46. exd3 Kd8 47. Kb2 Be7 48. Kb3 Rg8 49. Kb4 g6 50. Be6 Rg7 51. Kb5 Kc7 52. d4 Bd8 53. Ra3 f5 54. Ra8 Rd7 55. c5 Bf6 56. Bxd7 Kxd7 57. c6+ bxc6+ 58. dxc6+ Kc7 59. Ra7+ Kc8 60. Kc4 1-0

[Event "CZE-chT2a 0607"]
[Site "Czech Republic"]
[Date "2007.03.25"]
[Round "10.2"]
[White "Hosticka, Frantisek"]
[Black "Pinc, Miroslav"]
[Result "1/2-1/2"]
[WhiteElo "2168"]
[BlackElo "2192"]
[PlyCount "112"]
[EventDate "2006.10.15"]
[EventType "team"]
[EventRounds "11"]
[EventCountry "CZE"]
[SourceTitle "EXT 2009"]
[Source "ChessBase"]
[SourceDate "2008.11.26"]
[SourceVersion "1"]
[SourceVersionDate "2008.11.26"]
[SourceQuality "1"]
[WhiteTeam "Ceske Budejovice"]
[BlackTeam "Pribram Alva"]
[WhiteTeamCountry "CZE"]
[BlackTeamCountry "CZE"]

1. e4 d6 2. d4 Nf6 3. Bd3 e5 4. c3 g6 5. f4 Bg7 6. Nf3 0-0 7. fxe5 dxe5 8. 0-0 Bg4 9. d5 c6 10. c4 b5 11. Nc3 b4 12. Na4 Nxe4 13. Bxe4 f5 14. Bc2 e4 15. h3 exf3 16. hxg4 fxg4 17. Qe1 Bd4+ 18. Be3 Re8 19. Bxd4 Rxe1 20. Raxe1 cxd5 21. cxd5 Nc6 22. Bc5 Na5 23. Be4 Rc8 24. d6 Rxc5 25. Nxc5 Qxd6 26. Nd3 Qd4+ 27. Kh2 fxg2 28. Kxg2 Nc4 29. Nf2 Ne3+ 30. Rxe3 Qxe3 31. Bd5+ Kg7 32. Ne4 Qh3+ 33. Kg1 Qe3+ 34. Kg2 Qh3+ 35. Kg1 g3 36. Rf7+ Kh8 37. Rf8+ Kg7 38. Rf7+ Kh8 39. Ng5 Qh2+ 40. Kf1 g2+ 41. Bxg2 Qe5 42. Ne4 Qxb2 43. Rxa7 Qc1+ 44. Ke2 Qg1 45. Ra8+ Kg7 46. Bf3 h5 47. Ra6 g5 48. Nf2 g4 49. Be4 Qh2 50. Ra7+ Kf8 51. Ra8+ Ke7 52. Kf1 Qf4 53. Ra7+ Kd8 54. Ra8+ Kc7 55. Ra7+ Kd8 56. Ra8+ Kc7 1/2-1/2

[Event "CZE-chT2a 0607"]
[Site "Czech Republic"]
[Date "2007.02.25"]
[Round "8.2"]
[White "Blazek, Jiri"]
[Black "Pinc, Miroslav"]
[Result "1-0"]
[WhiteElo "2197"]
[BlackElo "2192"]
[PlyCount "79"]
[EventDate "2006.10.15"]
[EventType "team"]
[EventRounds "11"]
[EventCountry "CZE"]
[SourceTitle "EXT 2009"]
[Source "ChessBase"]
[SourceDate "2008.11.26"]
[SourceVersion "1"]
[SourceVersionDate "2008.11.26"]
[SourceQuality "1"]
[WhiteTeam "Tabor"]
[BlackTeam "Pribram Alva"]
[WhiteTeamCountry "CZE"]
[BlackTeamCountry "CZE"]

1. d4 Nf6 2. c4 c6 3. Nc3 d5 4. Nf3 g6 5. Bg5 Bg7 6. e3 0-0 7. Rc1 Be6 8. b3 Nbd7 9. Bd3 Rc8 10. 0-0 Bg4 11. h3 Bxf3 12. Qxf3 dxc4 13. bxc4 Qa5 14. Bh4 Rfe8 15. Bb1 Qb4 16. Ne4 Nxe4 17. Bxe4 Qa5 18. Rb1 f5 19. Bc2 b6 20. Bb3 Kh8 21. c5 e5 22. Bf7 exd4 23. Bxe8 Ne5 24. Qg3 d3 25. f4 Rxe8 26. fxe5 Bxe5 27. Qf3 Qxc5 28. Rbc1 Qb4 29. Qxc6 Rf8 30. Qd5 Bg7 31. Be1 Qa3 32. Rd1 d2 33. Qxd2 Re8 34. Bf2 Rf8 35. Bg3 Rg8 36. Bf4 Qa4 37. Qd5 Qe8 38. Rfe1 g5 39. Bxg5 Qg6 40. Bf4 1-0

[Event "CZE-chT2a 0607"]
[Site "Czech Republic"]
[Date "2007.01.14"]
[Round "6.2"]
[White "Houska, Jiri"]
[Black "Pinc, Miroslav"]
[Result "0-1"]
[WhiteElo "2188"]
[BlackElo "2192"]
[PlyCount "66"]
[EventDate "2006.10.15"]
[EventType "team"]
[EventRounds "11"]
[EventCountry "CZE"]
[SourceTitle "EXT 2009"]
[Source "ChessBase"]
[SourceDate "2008.11.26"]
[SourceVersion "1"]
[SourceVersionDate "2008.11.26"]
[SourceQuality "1"]
[WhiteTeam "Plzen Letna"]
[BlackTeam "Pribram Alva"]
[WhiteTeamCountry "CZE"]
[BlackTeamCountry "CZE"]

1. e4 c5 2. Nf3 d6 3. d4 cxd4 4. Nxd4 Nf6 5. Nc3 Nc6 6. Bc4 e6 7. Be3 a6 8. Qe2 Qc7 9. Bb3 Be7 10. 0-0-0 0-0 11. g4 Nxd4 12. Rxd4 Re8 13. g5 Nd7 14. h4 b5 15. h5 Nc5 16. g6 Bf6 17. e5 Bxe5 18. Rg4 Bb7 19. Rhg1 Rac8 20. gxf7+ Qxf7 21. Bxc5 Rxc5 22. Ne4 Bxe4 23. Qxe4 h6 24. Rg6 Kh8 25. Kb1 Qxf2 26. c3 Qf5 27. Qxf5 exf5 28. Re6 Rcc8 29. Kc2 Rxe6 30. Bxe6 Rf8 31. Kd3 f4 32. Ke2 Re8 33. Rg6 Bf6 0-1

[Event "Liberec op"]
[Site "Liberec"]
[Date "2006.11.15"]
[Round "5"]
[White "Pinc, Miroslav"]
[Black "Pawlowski, Slawomir"]
[Result "1/2-1/2"]
[WhiteElo "2192"]
[BlackElo "2113"]
[PlyCount "28"]
[EventDate "2006.11.11"]
[EventType "swiss"]
[EventRounds "9"]
[EventCountry "CZE"]
[SourceTitle "CBM 115 Extra"]
[Source "ChessBase"]
[SourceDate "2007.01.10"]
[SourceVersion "1"]
[SourceVersionDate "2007.01.10"]
[SourceQuality "1"]

1. d4 Nf6 2. c4 g6 3. Nc3 d5 4. Nf3 Bg7 5. Bf4 0-0 6. e3 c5 7. Be5 cxd4 8. exd4 dxc4 9. Bxc4 Nc6 10. 0-0 Bg4 11. Be2 Nxe5 12. Nxe5 Bxe2 13. Nxe2 Nd5 14. Qb3 Nb6 1/2-1/2

[Event "Liberec op"]
[Site "Liberec"]
[Date "2006.11.13"]
[Round "3"]
[White "Pinc, Miroslav"]
[Black "Porschberg, Thomas"]
[Result "1/2-1/2"]
[WhiteElo "2192"]
[BlackElo "1980"]
[PlyCount "64"]
[EventDate "2006.11.11"]
[EventType "swiss"]
[EventRounds "9"]
[EventCountry "CZE"]
[SourceTitle "CBM 115 Extra"]
[Source "ChessBase"]
[SourceDate "2007.01.10"]
[SourceVersion "1"]
[SourceVersionDate "2007.01.10"]
[SourceQuality "1"]

1. d4 Nf6 2. Nf3 g6 3. Nbd2 d5 4. g3 Bg7 5. Bg2 0-0 6. 0-0 c6 7. b3 Bf5 8. Bb2 Nbd7 9. c4 Ne4 10. Rc1 Bh6 11. e3 Ndf6 12. Nxe4 Nxe4 13. Qe2 Qa5 14. a3 Bg4 15. b4 Qd8 16. Qc2 Rc8 17. Ne5 Bf5 18. g4 Be6 19. Bxe4 dxe4 20. Qxe4 Bg7 21. Rfd1 Bxe5 22. dxe5 Qc7 23. f3 Rcd8 24. Qc2 Rxd1+ 25. Rxd1 Rd8 26. Rd4 a5 27. Qd1 Rxd4 28. Qxd4 axb4 29. axb4 Qd7 30. Qxd7 Bxd7 31. Kf2 Be6 32. c5 Bc4 1/2-1/2

[Event "CZE-chT2a 0607"]
[Site "Czech Republic"]
[Date "2006.11.05"]
[Round "2.2"]
[White "Pinc, Miroslav"]
[Black "Kopta, Pavel"]
[Result "1/2-1/2"]
[WhiteElo "2192"]
[BlackElo "2342"]
[PlyCount "53"]
[EventDate "2006.10.15"]
[EventType "team"]
[EventRounds "11"]
[EventCountry "CZE"]
[SourceTitle "EXT 2009"]
[Source "ChessBase"]
[SourceDate "2008.11.26"]
[SourceVersion "1"]
[SourceVersionDate "2008.11.26"]
[SourceQuality "1"]
[WhiteTeam "Pribram Alva"]
[BlackTeam "Kobylisy"]
[WhiteTeamCountry "CZE"]
[BlackTeamCountry "CZE"]

1. d4 Nf6 2. c4 e6 3. Nf3 c5 4. d5 exd5 5. cxd5 d6 6. Nc3 g6 7. g3 Bg7 8. Bg2 0-0 9. 0-0 a6 10. a4 Re8 11. Nd2 Nbd7 12. Nc4 Ne5 13. Na3 Rb8 14. h3 b5 15. axb5 axb5 16. Naxb5 Nh5 17. Kh2 f5 18. f4 Nf7 19. Na7 Qb6 20. Nxc8 Rbxc8 21. Qc2 Rb8 22. Qd3 Qb4 23. Ra4 Qb3 24. Ra3 Qb4 25. Bf3 Nf6 26. Ra4 Qb3 27. Ra3 1/2-1/2

[Event "Havlickuv Brod op-A"]
[Site "Havlickuv Brod"]
[Date "2005.09.29"]
[Round "5"]
[White "Pinc, Miroslav"]
[Black "Stukner, Simon"]
[Result "1-0"]
[WhiteElo "2205"]
[BlackElo "2001"]
[PlyCount "35"]
[EventDate "2005.09.24"]
[EventType "swiss"]
[EventRounds "9"]
[EventCountry "CZE"]
[SourceTitle "CBM 108 Extra"]
[Source "ChessBase"]
[SourceDate "2005.11.04"]
[SourceVersion "1"]
[SourceVersionDate "2005.11.04"]
[SourceQuality "1"]

1. d4 Nf6 2. Nf3 d6 3. b3 g6 4. Bb2 Bg7 5. g3 0-0 6. Bg2 Nbd7 7. 0-0 Qe8 8. Nbd2 e5 9. dxe5 dxe5 10. e4 Nh5 11. Nc4 Kh8 12. Qd5 Nhf6 13. Qd3 Nc5 14. Qe3 Nfd7 15. Nfxe5 Nxe5 16. Qxc5 b6 17. Qxc7 Ba6 18. Bxe5 1-0

[Event "CZE-chT2a 0405"]
[Site "Czech Republic"]
[Date "2005.04.10"]
[Round "11.1"]
[White "Pinc, Miroslav"]
[Black "Taborsky, Rostislav"]
[Result "1/2-1/2"]
[WhiteElo "2212"]
[BlackElo "2281"]
[PlyCount "58"]
[EventDate "2004.10.17"]
[EventType "team"]
[EventRounds "11"]
[EventCountry "CZE"]
[SourceTitle "EXT 2007"]
[Source "ChessBase"]
[SourceDate "2006.11.23"]
[SourceVersion "1"]
[SourceVersionDate "2006.11.23"]
[SourceQuality "1"]
[WhiteTeam "Pribram"]
[BlackTeam "Zizkov"]
[WhiteTeamCountry "CZE"]
[BlackTeamCountry "CZE"]

1. d4 e6 2. Nf3 c5 3. e3 Nf6 4. Be2 Nc6 5. 0-0 d5 6. c4 cxd4 7. cxd5 exd5 8. Nxd4 Bd6 9. Nc3 0-0 10. Bf3 Bb8 11. Nxc6 bxc6 12. g3 Bh3 13. Bg2 Bxg2 14. Kxg2 Be5 15. Qc2 Rc8 16. Rd1 Qe7 17. b3 c5 18. f4 Bxc3 19. Qxc3 Rfe8 20. Kg1 d4 21. exd4 cxd4 22. Qd3 h5 23. Bd2 Qe2 24. Qxe2 Rxe2 25. Rac1 Rxc1 26. Bxc1 Ng4 27. h3 Ne3 28. Rxd4 Rg2+ 29. Kh1 Rxg3 1/2-1/2

[Event "CZE-chT2a 0405"]
[Site "Czech Republic"]
[Date "2004.11.07"]
[Round "2.1"]
[White "Pinc, Miroslav"]
[Black "Spal, Milan"]
[Result "1-0"]
[WhiteElo "2212"]
[BlackElo "2256"]
[PlyCount "81"]
[EventDate "2004.10.17"]
[EventType "team"]
[EventRounds "11"]
[EventCountry "CZE"]
[SourceTitle "EXT 2007"]
[Source "ChessBase"]
[SourceDate "2006.11.23"]
[SourceVersion "1"]
[SourceVersionDate "2006.11.23"]
[SourceQuality "1"]
[WhiteTeam "Pribram"]
[BlackTeam "Pisek"]
[WhiteTeamCountry "CZE"]
[BlackTeamCountry "CZE"]

1. d4 g6 2. Nf3 Bg7 3. g3 c5 4. d5 d6 5. a4 Nf6 6. Bg2 0-0 7. 0-0 e6 8. Nc3 exd5 9. Nxd5 Nxd5 10. Qxd5 Nc6 11. Bg5 Qc7 12. Rad1 Bf5 13. c3 Rfe8 14. Bf4 Ne5 15. Nxe5 dxe5 16. Be3 Bf8 17. Qxb7 Qxb7 18. Bxb7 Rab8 19. Bc6 Re6 20. Bd7 Rf6 21. Bxf5 gxf5 22. Rd5 Rxb2 23. Rxe5 Rxe2 24. Rd1 f4 25. Rg5+ Rg6 26. Bxf4 Rxg5 27. Bxg5 Ra2 28. Bf6 Rxa4 29. Rd7 h6 30. Rc7 Ra6 31. Be5 Re6 32. Bf4 a6 33. Be3 a5 34. Ra7 Re4 35. Rxa5 Rc4 36. Ra8 Kg7 37. Ra3 Be7 38. f3 Bf6 39. Bd2 Kg6 40. Kf2 h5 41. Ke2 1-0

[Event "CZE-chT2a 0405"]
[Site "Czech Republic"]
[Date "2004.10.17"]
[Round "1.1"]
[White "Novak, Pavel"]
[Black "Pinc, Miroslav"]
[Result "1-0"]
[WhiteElo "2338"]
[BlackElo "2212"]
[PlyCount "77"]
[EventDate "2004.10.17"]
[EventType "team"]
[EventRounds "11"]
[EventCountry "CZE"]
[SourceTitle "EXT 2007"]
[Source "ChessBase"]
[SourceDate "2006.11.23"]
[SourceVersion "1"]
[SourceVersionDate "2006.11.23"]
[SourceQuality "1"]
[WhiteTeam "Klatovy"]
[BlackTeam "Pribram"]
[WhiteTeamCountry "CZE"]
[BlackTeamCountry "CZE"]

1. e4 c5 2. Nf3 d6 3. d4 cxd4 4. Nxd4 Nf6 5. Nc3 Nc6 6. Bc4 e6 7. Be3 a6 8. Qe2 Qc7 9. Bb3 Be7 10. 0-0-0 0-0 11. g4 b5 12. g5 Nxd4 13. Rxd4 Nd7 14. h4 Nc5 15. h5 f5 16. exf5 Rxf5 17. Rg1 Nxb3+ 18. axb3 d5 19. Qd2 b4 20. Ne2 Bb7 21. Kb1 Raf8 22. g6 h6 23. Bxh6 Rxh5 24. Bf4 e5 25. Rxd5 Bxd5 26. Qxd5+ Kh8 27. Rh1 Rh4 28. Rxh4+ Bxh4 29. Qh1 Qd8 30. Bg3 Qg5 31. Bxh4 Qh6 32. Qe4 Re8 33. Bg3 Qh5 34. f4 Rd8 35. fxe5 Kg8 36. Ka2 Re8 37. Nd4 a5 38. e6 Qc5 39. Qh4 1-0

[Event "Prague op 02nd"]
[Site "Prague"]
[Date "2003.01.??"]
[Round "7.15"]
[White "Marjanovic, Slavko"]
[Black "Pinc, Miroslav"]
[Result "1/2-1/2"]
[WhiteElo "2013"]
[BlackElo "2194"]
[PlyCount "37"]
[EventDate "2003.01.17"]
[EventType "swiss"]
[EventRounds "9"]
[EventCountry "CZE"]
[SourceTitle "CBM 092 Extra"]
[Source "ChessBase"]
[SourceDate "2003.03.07"]
[SourceVersion "1"]
[SourceVersionDate "2003.03.07"]
[SourceQuality "1"]

1. d4 Nf6 2. c4 e5 3. dxe5 Ng4 4. Nf3 Bc5 5. e3 Nc6 6. Bd2 0-0 7. Be2 Re8 8. 0-0 a5 9. Bc3 Ncxe5 10. Nxe5 Nxe5 11. Nd2 b6 12. Nb3 Bb4 13. Qd5 Nc6 14. Bxb4 axb4 15. Rfd1 Ra7 16. c5 Qf6 17. cxb6 cxb6 18. Nd4 Ne5 19. Qe4 1/2-1/2